Stats & curiosities (Record no. 43171)
[ view plain ]
| 000 -LEADER | |
|---|---|
| fixed length control field | 00315nam a2200133Ia 4500 |
| 020 ## - INTERNATIONAL STANDARD BOOK NUMBER | |
| ISBN | 9781422196311 |
| 082 ## - DEWEY DECIMAL CLASSIFICATION NUMBER | |
| Classification number | 31 |
| Item number | OCO |
| 100 ## - MAIN ENTRY--AUTHOR NAME | |
| Personal name | OCONNELL, Andrew |
| 245 #0 - TITLE STATEMENT | |
| Title | Stats & curiosities |
| 260 ## - PUBLICATION, DISTRIBUTION, ETC. (IMPRINT) | |
| Place of publication | Boston |
| Name of publisher | Harvard Business School publishing |
| Year of publication | 2013 |
| 500 ## - GENERAL NOTE | |
| General note | Small box |
| 650 ## - SUBJECT ADDED ENTRY--TOPICAL TERM | |
| Topical Term | Statistics |
| 942 ## - ADDED ENTRY ELEMENTS (KOHA) | |
| Koha item type | Books |
| Withdrawn status | Lost status | Damaged status | Not for loan | Home library | Current library | Date acquired | Cost, normal purchase price | Full call number | Accession Number | Koha item type |
|---|---|---|---|---|---|---|---|---|---|---|
| RRII Library | RRII Library | 16/12/2021 | 395.00 | 31 OCO | 23437 | Books |